It's Always Sunny In Philadelphia Quiz Stats

 Plays Quiz Updated Mar 6, 2019

Score 0/16 Timer 05:00
7 Plays Today
Actor Character % Correct
Charlie DayCharlie Kelly
99.1%
Kaitlin OlsonDee Reynolds
96.9%
Rob McElhenneyMac
95.5%
Danny DeVitoFrank
93.2%
Glenn HowertonDennis Reynolds
93.1%
Mary Elizabeth EllisWaitress
83.7%
Artemis PebdaniArtemis
74.3%
David HornsbyRickety Cricket
66.1%
Actor Character % Correct
Jimmi SimpsonLiam McPoyle
38.6%
Nate MooneyRyan McPoyle
37.1%
Lynne Marie StewartCharlie's Mom
33.9%
Sandy MartinMac's Mom
32.6%
Gregory Scott CumminsLuther
22.4%
Thesy SurfaceMargaret McPoyle
21.2%
Anne ArcherBarbara Reynolds
11.7%
Stephen CollinsBruce Mathis
11.1%

You're not logged in!

Compare scores with friends on all Sporcle quizzes.
OR
Log In

Sporcle TV

Today on Sporcle TV


Watch our educational content, quiz creation guides, and fun videos on Sporcle TV.

Show Comments

Extras

Top Quizzes Today


Score Distribution

Your Account Isn't Verified!

In order to create a playlist on Sporcle, you need to verify the email address you used during registration. Go to your Sporcle Settings to finish the process.

Report this User

Report this user for behavior that violates our Community Guidelines.

Details: